000 00986cam a2200193 i 4500
005 20251108170130.0
008 250721s2002 ua a gr 000 0 ara d
020 _a9772715627
082 1 4 _a005.12
_bب س ي
100 1 _a بسيوني، عبد الحميد
_eمؤلف.
245 1 0 _aويندوز إكس بي :
_bالاملاء الصوتي و الكلام، الراوي والمكبر و مفاتيح الشاشة، الوسائط المتعددة وانشاء الافلام، اصلاح اعطال والتغلب على مشاكل ويندوز، ادارة نظام ويندوز، الملحفات و ادوات النظام، المنافع وادوات الاشراف /
_cمهندس عبد الحميد بسيوني.
246 1 1 _aWindos XP.
264 1 _aالقاهرة :
_bمكتبة ابن سينا،
_c2002.
300 _a335 صفحة.
650 1 7 _aالحواسيب.
650 1 7 _aبرامج الحاسوب.
942 _2ddc
_cBK
999 _c40491
_d40491